All Megan Thee Stallion Songs - Statistics

General Stats
  • This quiz has been taken 399 times
    119 since last reset
  • The average score is 41 of 110
Answer Stats
Album Song % Correct
Suga B.*.*.*.H.
95%
Suga Savage
87%
Good News Body
78%
Something for Thee Hotties Thot Sh*t
72%
Single #10 Hiss
71%
Tina Snow Hot Girl
68%
Suga Captain Hook
67%
Something for Thee Hotties Megan's Piano
65%
Good News Cry Baby
64%
Single #5 Freak
61%
Traumazine Plan B
61%
Traumazine Sweetest Pie
61%
Traumazine Anxiety
58%
Tina Snow Cognac Queen
58%
Single #8 Cobra
55%
Tina Snow Big Ole Freak
54%
Fever Cash Sh*t
54%
Good News Girls in the Hood
54%
Traumazine Her
54%
Single #11 BOA
51%
Tina Snow Freak Nasty
48%
Something for Thee Hotties Kitty Kat
48%
Good News Don't Stop
47%
Single #4 Hot Girl Summer
47%
Traumazine NDA
45%
Good News What's New
45%
Traumazine Ungrateful
44%
Tina Snow Cocky AF
42%
Tina Snow Neva
42%
Something for Thee Hotties Tina Snow Interlude
42%
Make It Hot Intro - Make It Hot
41%
Good News Shots Fired
41%
Traumazine Budget
40%
Something for Thee Hotties Megan Monday Freestyle
40%
Traumazine Pressurelicious
40%
Traumazine Scary
40%
Tina Snow Tina Montana
40%
Good News Do It on the Tip
39%
Fever Realer
39%
Birds of Prey: The Album Diamonds
38%
Good News Freaky Girls
38%
Traumazine Star
38%
Something for Thee Hotties Tuned In Freestyle
38%
Traumazine Gift & A Curse
36%
Fever Hood Rat Sh*t
35%
Traumazine Not Nice
35%
Good News Outside
35%
Fever Simon Says
35%
Good News Sugar Baby
35%
Good News Circles
34%
Traumazine Flip Flop
34%
Good News Movie
34%
Traumazine Red Wine
34%
Fever Sex Talk
33%
Something for Thee Hotties Southside Forever Freestyle
33%
Single Stalli (Freestyle)
33%
Tina Snow WTF I Want
33%
Something for Thee Hotties To Thee Hotties
32%
Traumazine Consistency
31%
Something for Thee Hotties Eat It
31%
Tina Snow Make a Bag
31%
Traumazine Ms. Nasty
31%
Fever W.A.B
31%
Something for Thee Hotties Warning
31%
Something for Thee Hotties Bless the Booth Freestyle
29%
Make It Hot Crazy
29%
Suga Crying in the Car
29%
Something for Thee Hotties God's Favorite
29%
Suga Hit My Phone
29%
Fever Pimpin
29%
Traumazine Who Me
29%
Good News Don't Rock Me to Sleep
28%
Traumazine Southside Royalty Freestyle
28%
Suga Ain't Equal
27%
Good News Go Crazy
27%
Good News Intercourse
27%
Something for Thee Hotties Outta Town Freestyle
27%
Queen & Slim: The Soundtrack Ride or Die
27%
Fever Shake That
27%
Something for Thee Hotties All of It
26%
Fever Dance
26%
Something for Thee Hotties Freakend
26%
Tina Snow Good At
26%
Make It Hot Last Week in H Tx
26%
Make It Hot Mustard & Mayonaise
26%
Single #9 Not My Fault
26%
Something for Thee Hotties Pipe Up
26%
Suga Rich
26%
Fever Running Up Freestyle
26%
Good News Work That
26%
Fever Best You Ever Had
25%
Fever Big Drank
25%
Something for Thee Hotties Opposite Day
25%
Make It Hot Pull Up Late
25%
Fever Ratchet
25%
Suga What I Need
25%
Make It Hot Geekin
24%
Something for Thee Hotties Let Me See It
24%
Fever Money Good
24%
Suga Stop Playing
24%
Something for Thee Hotties Trippy Skit
24%
Something for Thee Hotties Bae Goals
21%
Single #7 Lick
21%
Something for Thee Hotties VickeeLo and Dino Btw Skit
20%
Make It Hot Naturally
18%
Time Served All Dat
15%
Single #6 Beautiful Mistakes
14%
Coming 2 America (From the Amazon Original Motion Picture Soundtrack) I'm a King
13%
Single #2 Fire in the Booth, Pt. 1
9%
Single #3 Talk (Remix)
9%
No matching quizzes found
Score Distribution
Percent of People with Each Score
Percentile by Number Answered
Your Score History
You have not taken this quiz since the last reset